000 00627nam a2200181 i 4500
001 157305
003 ES-MaACL
005 20251004063205.0
008 970919s1885 sp |||| | spa d
040 _aCLM
_bspa
_cCLM
080 4 _a2:316(493)
100 1 _aLaveleye, Émile de,
_d1822-1892
_970700
245 1 0 _aLa última crisis y la cuestión religiosa en Bélgica /
_cE. De Laveleye.
260 _aMadrid :
_bLibreria Nacional y Extranjera,
_c1885 (
_fImp. de J. Cruzado)
300 _a45 p. ;
_c19 cm.
852 _aES-MaACL
_jT-479-F-9
_z-- Enc. hol.
_z-- Enc. en un vol. facticio
999 _c157305
_d157305